| 000 | 00667cam a22002051 4500 | ||
|---|---|---|---|
| 082 | 0 | 0 |
_a660.284 _bSHR _cL-7, P-83 |
| 100 | 1 |
_aShreve, Randolph Norris, _944686 |
|
| 245 | 1 | 0 |
_aChemical process industries _c[by] R. Norris Shreve. |
| 250 | _a3d ed. | ||
| 260 |
_aNew York, _bMcGraw-Hill _c[1967] |
||
| 300 |
_a905 p. _billus. _c24 cm. |
||
| 490 | 0 | _aMcGraw-Hill chemical engineering series | |
| 526 |
_a0 _b0 _c0 _d660_284000000000000_SHR |
||
| 526 |
_a0 _b0 _c0 _d660_284000000000000_SHR |
||
| 526 |
_a0 _b0 _c0 _d660_284000000000000_SHR |
||
| 526 |
_a0 _b0 _c0 _d660_284000000000000_SHR |
||
| 650 | 0 |
_aChemistry, Technical. _97342 |
|
| 650 | 0 |
_aMCE _9379 |
|
| 942 |
_2ddc _cBK |
||
| 999 |
_c548401 _d548401 |
||